| 000 | 00778nam a22001937a 4500 | ||
|---|---|---|---|
| 999 |
_c20282 _d20282 |
||
| 003 | AR-CdUCM | ||
| 008 | 190528b ||||| |||| 00| 0 spa d | ||
| 040 |
_aMUNICIPALIDAD PROVINCIAL DEL CUSCO _cBIBLIOTECA MUNICIPAL DEL CUSCO |
||
| 082 |
_a591.15 / _bS82 |
||
| 100 |
_aStonaker, H.H. _942391 |
||
| 245 | _aLa genética en el mejoramiento animal / | ||
| 260 |
_aMéxico : _bCentro Regional de Ayuda Técnica, _c1977. |
||
| 300 |
_a105 páginas ; _c28 cm. |
||
| 505 | _aContenido: Algunos conceptos especiales de importancia para el mejoramiento animal -- Sistemas de apareamiento -- Métodos estadísticos para evaluar y describir poblaciones... | ||
| 650 |
_aApareamiento animal _942392 |
||
| 650 |
_aGenealogías _942393 |
||
| 942 |
_2ddc _cLIBROS |
||
| 945 |
_adavv _d2019-05-28 |
||